Brickwork and masonry; (Record no. 549081)

000 -LEADER
fixed length control field 00764cam a22001931 4500
082 ## - DEWEY DECIMAL CLASSIFICATION NUMBER
Classification number 693.2
Author Mark MOL
-- L-14, P-19
100 1# - MAIN ENTRY--PERSONAL NAME
Personal name Molloy, Edward.
245 10 - TITLE STATEMENT
Title Brickwork and masonry;
Remainder of title a practical guide to building methods in brick and stone,
Statement of responsibility, etc. prepared by a staff of technical experts under the direction of E. Molloy. With one hundred and eighty-four illustrations.
260 ## - PUBLICATION, DISTRIBUTION, ETC.
Place of publication, distribution, etc. Brooklyn, N.Y.,
Name of publisher, distributor, etc. Chemical publishing company, inc.,
Date of publication, distribution, etc. 1942.
300 ## - PHYSICAL DESCRIPTION
Extent iv, 140 p. incl. illus., tables, diagrs.
Dimensions 23 cm.
490 0# - SERIES STATEMENT
Series statement "Building practice" series,
526 ## - STUDY PROGRAM INFORMATION NOTE
Program name 0
Interest level 0
Reading level 0
Title point value 693_200000000000000_MOL
650 #0 - SUBJECT ADDED ENTRY--TOPICAL TERM
Topical term or geographic name entry element Bricklaying.
650 #0 - SUBJECT ADDED ENTRY--TOPICAL TERM
Topical term or geographic name entry element Bricks.
9 (RLIN) 27273
650 #0 - SUBJECT ADDED ENTRY--TOPICAL TERM
Topical term or geographic name entry element Building stones.
9 (RLIN) 32887
650 #0 - SUBJECT ADDED ENTRY--TOPICAL TERM
Topical term or geographic name entry element Masonry.
9 (RLIN) 36353
650 #0 - SUBJECT ADDED ENTRY--TOPICAL TERM
Topical term or geographic name entry element MCE
9 (RLIN) 379
942 ## - ADDED ENTRY ELEMENTS (KOHA)
Source of classification or shelving scheme
Koha item type Book
Holdings
Withdrawn status Lost status Source of classification or shelving scheme Damaged status Not for loan Permanent Location Current Location Date acquired Total Checkouts Full call number Barcode Date last seen Price effective from Koha item type
          Military College of Engineering (MCE) Military College of Engineering (MCE) 09/16/2014   693.2 MOL MCE-30637a 09/16/2014 09/16/2014 Book
© 2023 Central Library, National University of Sciences and Technology. All Rights Reserved.